Výklad ekonomických ukazatelů používaných k hodnocení v podnikové ekonomice vyspělých zemí

Guardado en:
Detalles Bibliográficos
Autor principal: Bošina, Vladislav
Formato: Libro
Lenguaje:checo
Publicado: Frýdek-Místek Inforpres [1991]
Edición:1. vyd.
Materias:
Etiquetas: Agregar Etiqueta
Sin Etiquetas, Sea el primero en etiquetar este registro!

MARC

LEADER 00000nam a2200000 4500
001 c000888
005 20221214095238.5
041 0 |a cze 
044 |a CZ 
245 1 0 |a Výklad ekonomických ukazatelů používaných k hodnocení v podnikové ekonomice vyspělých zemí  |c Vladislav Bošina 
250 |a 1. vyd. 
264 1 |a Frýdek-Místek  |b Inforpres  |c [1991] 
300 |a 109 s. 
610 2 0 |a podnik 
610 2 0 |a hospodárstvo trhové 
610 2 0 |a ukazovatele ekonomické 
610 2 0 |a Veľká Británia 
610 2 0 |a terminológia 
100 1 |a Bošina, Vladislav